00923nam a2200253 a 450000100060000000300080000600500170001400800410003103500190007204000350009104100080012608200220013410000280015624500810018426000370026530000250030249000590032750400280038665000240041483000670043894200120050599900170051795201350053452675BD-RjUL20211209075837.0160925s1959 gw a 001 0 ger d a(BD-RjUL)52795 aBD-RjULbengcBD-RjULdBD-RjUL aeng 223a510bHAT 19591 aHahn, Wolfgang.915753310aTheorie und Anwendung der direkten Methode von Ljapunov /cvon Wolfgang Hahn aBerlin :bSpringer-Verlag,c1959 avii, 142 p. ;c23 cm1 aErgebnisse der Mathematik und ihrer Grenzgebiete ;v22 aBibliography: p.129-138 aMathematics9157538 0aErgebnisse der Mathematik und ihrer Grenzgebiete ;v229157539 2ddccBK c52675d52675 00102ddc40708NFICaRUCLbRUCLcStackd1968-12-30eZeitlingerg81.20l0o510 HAT 1959r2016-09-25 00:00:00tC-2w2021-12-09yBK